| 000 | 00465 a2200133 4500 | ||
|---|---|---|---|
| 001 | ART_51921 | ||
| 005 | 20260410161633.0 | ||
| 008 | 260409a | ||
| 245 | 1 | 0 | _aEl impacto del ajuste por inflación contable para activos en empresas agropecuarias, clubes de fútbol y constructoras |
| 100 | 1 | _aBello, Alberto M. | |
| 700 | 1 | _aGrand, Mónica N. | |
| 700 | 1 | _aZabala Chiaradía, Melisa Lucía | |
| 773 | 0 |
_tEnfoques _g- N°4 (abr. 2020) _wREV416 |
|
| 999 |
_c12627 _d12627 |
||